Aspek saintifik pelaziman sukan dan kecergasan jasmani / (Record no. 3731)

000 -LEADER
fixed length control field aam a22 a 4500
003 - CONTROL NUMBER IDENTIFIER
control field AKMAL
005 - DATE AND TIME OF LATEST TRANSACTION
control field 20170523160851.0
008 - FIXED-LENGTH DATA ELEMENTS--GENERAL INFORMATION
fixed length control field 170523s1987 my z 00 may d
020 ## - INTERNATIONAL STANDARD BOOK NUMBER
International Standard Book Number 9676503363
082 04 - DEWEY DECIMAL CLASSIFICATION NUMBER
Classification number 796 ARH
090 00 - LOCALLY ASSIGNED LC-TYPE CALL NUMBER (OCLC); LOCAL CALL NUMBER (RLIN)
Classification number (OCLC) (R) ; Classification number, CALL (RLIN) (NR) 796
Local cutter number (OCLC) ; Book number/undivided call number, CALL (RLIN) ARH
100 1# - MAIN ENTRY--PERSONAL NAME
Personal name Arasoo, Vasudevan T.
9 (RLIN) 7383
245 10 - TITLE STATEMENT
Title Aspek saintifik pelaziman sukan dan kecergasan jasmani /
Statement of responsibility, etc. Vasudevan T. Arasoo
260 ## - PUBLICATION, DISTRIBUTION, ETC.
Place of publication, distribution, etc. Petaling Jaya :
Name of publisher, distributor, etc. Penerbit Fajar Bakti,
Date of publication, distribution, etc. 1987
300 00 - PHYSICAL DESCRIPTION
Extent 129ms. :
Other physical details il. ;
Dimensions 25cm
504 ## - BIBLIOGRAPHY, ETC. NOTE
Bibliography, etc. note Mengandungi bibliografi
650 #0 - SUBJECT ADDED ENTRY--TOPICAL TERM
Topical term or geographic name entry element Physical education and training
9 (RLIN) 5354
650 #0 - SUBJECT ADDED ENTRY--TOPICAL TERM
Topical term or geographic name entry element Sports
9 (RLIN) 4579
942 ## - ADDED ENTRY ELEMENTS (KOHA)
Source of classification or shelving scheme
Koha item type Book
Holdings
Withdrawn status Lost status Source of classification or shelving scheme Damaged status Not for loan Collection code Home library Current library Shelving location Date acquired Inventory number Total Checkouts Full call number Barcode Date last seen Price effective from Koha item type
          NON-FICTION AKMAL Melaka AKMAL Melaka PINJAMAN 23.05.2017 00132   796 ARH 201704873 23.05.2017 23.05.2017 Book
Pusat Sumber Maklumat Dato' Haji Sarmin Md Hussin, Akademi Kastam Diraja Malaysia, Melaka
Tel: 06-2331106 | Faks: 06-2313787